| 000 | 00437nam a2200169Ia 4500 | ||
|---|---|---|---|
| 003 | GCL | ||
| 008 | 140319s9999 xx 000 0 ara d | ||
| 040 |
_aGCL / _cGCL |
||
| 082 | 0 | 4 |
_aم _b610.3 _bق ى |
| 245 | 1 | 0 | _aقاموس حتى الطبى للجيب |
| 300 | _a282 ص | ||
| 490 |
_aماذا اعرف _v0 |
||
| 650 | 0 | 4 | _aالطب |
| 650 | 0 | 4 | _aالطب - معاجم |
| 650 | 0 | 4 | _aالمعاجم المتخصصة |
| 942 |
_2ddc _cREF |
||
| 999 |
_c59609 _d59609 |
||